000 00245nam a2200109Ia 4500
008 220204s9999 xx 000 0 und d
082 _a82-3
_bROI
100 _aRoiphe, Anne
245 0 _aTorch song
260 _aNew York
_bNal
_c1977
942 _cBK
999 _c33476
_d33476